Sanskrit sahityar jilingani/ (Record no. 11447)

MARC details
000 -LEADER
fixed length control field 00582nam a22001937a 4500
005 - DATE AND TIME OF LATEST TRANSACTION
control field 20221130115522.0
008 - FIXED-LENGTH DATA ELEMENTS--GENERAL INFORMATION
fixed length control field 221130b ||||| |||| 00| 0 eng d
040 ## - CATALOGING SOURCE
Original cataloging agency IN-DiNC
Transcribing agency IN-DiNC
041 ## - LANGUAGE CODE
Language code of sung or spoken text Assamese
082 ## - DEWEY DECIMAL CLASSIFICATION NUMBER
Classification number 891.2
Item number BHA
100 ## - MAIN ENTRY--PERSONAL NAME
Personal name Bhagawati, Kamakhya Charan
Relator term Author
245 ## - TITLE STATEMENT
Title Sanskrit sahityar jilingani/
Statement of responsibility, etc. by Kamakhya Charan Bhagawati
250 ## - EDITION STATEMENT
Edition statement 3rd ed.
260 ## - PUBLICATION, DISTRIBUTION, ETC.
Place of publication, distribution, etc. Guwahati:
Name of publisher, distributor, etc. Granthapeeth,
Date of publication, distribution, etc. 2003.
300 ## - PHYSICAL DESCRIPTION
Extent xi, 324p.
650 ## - SUBJECT ADDED ENTRY--TOPICAL TERM
Topical term or geographic name entry element Sanskrit literature
650 ## - SUBJECT ADDED ENTRY--TOPICAL TERM
Topical term or geographic name entry element Analytical appraisal of different aspects of Sanskrit literature
942 ## - ADDED ENTRY ELEMENTS (KOHA)
Source of classification or shelving scheme Dewey Decimal Classification
Koha item type Books
Holdings
Withdrawn status Lost status Source of classification or shelving scheme Damaged status Not for loan Collection code Home library Current library Shelving location Date acquired Cost, normal purchase price Total Checkouts Full call number Barcode Date last seen Date last checked out Copy number Price effective from Koha item type
    Dewey Decimal Classification     Assamese Central Library, Naharkatiya College Central Library, Naharkatiya College General Stacks 30/11/2022 120.00 1 891.2 BHA 25700 01/04/2025 01/03/2025 1 30/11/2022 Books

Naharkatiya College © 2020. All rights reserved.

Powered By